| 000 | 01184nam a2200265Ia 4500 | ||
|---|---|---|---|
| 001 | 291.1-GUI di (18528) | ||
| 003 | IT-MiSPE | ||
| 008 | 171229s9999||||xx |||||||||||||| ||und|| | ||
| 040 |
_aIT-MiSPE _cIT-MiSPE |
||
| 041 | _aITALIANO | ||
| 100 | _aAA.VV. | ||
| 240 | _aVers la rencontre des Religions: Suggestions pour le dialogue: Partie général | ||
| 245 | 0 | _aGuida al dialogo con le religioni | |
| 250 | _a1a ed. (v) | ||
| 260 |
_aBrescia _bQueriniana _c1968 |
||
| 300 |
_a100 p. _c20 cm |
||
| 490 |
_aGiornale di Teologia _v23 |
||
| 501 | _aEdizioni San Paolo srl - Piazza Soncino, 5 - 20092 CINISELLO BALSAMO (MI) (non commercial uses only) ® Copyright 2018 | ||
| 520 | _aPiero Rossano (ed. it.). Segretariato per i non cristiani | ||
| 700 | _aPiero Rossano | ||
| 700 |
_aTilla David _g(traduzione) |
||
| 942 | _cBK | ||
| 957 | _71 | ||
| 999 |
_a4927 _bNO _g Copie: 1 _c349944 _d349944 |
||